| 000 | 00896nam a2200205 u 4500 | ||
|---|---|---|---|
| 001 | 000682685 | ||
| 003 | AM-YeHGA | ||
| 005 | 20250617142216.0 | ||
| 008 | 090911s1976 ai | |||||||||||||rus|d | ||
| 040 | _aAM-YeHGA | ||
| 041 | 0 | _arus | |
| 100 | 1 | _aЗемсков, Виктор Иванович | |
| 245 | 1 | 0 |
_aМеханизация приготовления кормов на фермах / _cВ.И. Земсков, В.Д. Ковальчук. |
| 250 | _a2-е изд., доп. | ||
| 260 |
_aБарнаул : _bАлтайское кн. изд-во, _c1976. |
||
| 300 |
_a184 с. : _bрис. ; _c20 см. |
||
| 650 | 1 | 4 |
_aСельскохозяйственные машины и орудия _xМашины и орудия для обработки сельскохозяйственных продуктов |
| 700 | 1 | _aКовальчук, Виктор Данилович | |
| 090 | _c254883 | ||
| 999 |
_c253284 _d253284 |
||